| 000 | 00635cam a2200229u 4500 | ||
|---|---|---|---|
| 001 | 7895938 | ||
| 003 | OSt | ||
| 005 | 20180116183023.0 | ||
| 008 | 830722s1946 sw 000 0 swe | ||
| 010 | _a 50023271 | ||
| 040 |
_aDLC _cCarP _dDLC |
||
| 050 | 0 | 0 |
_aPR6027.O54 _bM68 |
| 082 | _a813.54 SHU 1973 | ||
| 100 | 1 |
_aShute, Nevil, _d1899-1960. |
|
| 240 | 0 | 0 | _aMost secret. Swedish. [from old catalog] |
| 245 | 1 | 0 | _aHemligt uppdrag, |
| 260 |
_aStockholm, _bH. Geber _c[1946] |
||
| 300 |
_a394 p. _c21 cm. |
||
| 650 | 0 |
_aWorld War, 1939-1945 _vFiction. |
|
| 906 |
_a0 _bcbc _cpremunv _du _encip _f19 _gy-gencatlg |
||
| 942 |
_2ddc _cBK |
||
| 999 |
_c350668 _d350668 |
||